| 000 | 00531nam a2200169 i 4500 | ||
|---|---|---|---|
| 001 | 101256 | ||
| 003 | ES-MaACL | ||
| 007 | t| | ||
| 008 | 051017s1973 sp ||||1| spa d | ||
| 100 | 1 |
_aMáximo del Cosso, Celso. _979307 |
|
| 245 | 1 | 0 |
_aMecanismos _b: (cálculo y construcción) / _cpor Celso Máximo del Cosso; prólogo de Manuel Lucini. |
| 250 | _a6ª ed. rev. y aum. | ||
| 260 |
_aMadrid : _bDossat, _c1973. |
||
| 300 |
_aXX, 639 p. ; _c24 cm. |
||
| 700 | 1 |
_aLucini, Manuel. _974586 |
|
| 852 |
_aES-MaACL _jE-7702 _bR.92092 |
||
| 999 |
_c101256 _d101256 |
||